00722nam a2200229 a 4500001001300000003000900013005001700022008004100039020002300080082001700103100002400120245005200144260005600196300000900252500003500261650002200296700002400318902000800342942000700350952011800357999001700475nice12345678IN_TiNIC20260116014342.0100105s2009 newa grp 000 0 eng  a9789380037035c85000a954.092bMIS aMishra, Kaushlendra aHistory and Biography of Bharat Rantna Awardees aNew Delhi bNavyug Publishers & Distributors c2009 a344p aincludes index and biblioraphy aBiography-Indians1 aMishra, Kaushlendra bSRS cBK 001040708StackRoom-aHMIbHMId2010-01-05g850.00l0o954.092 MISp022955r2010-01-05v850.00w2010-01-05yBK c14938d14938